A Room on the Route
Salvato in:
| Autore principale: | |
|---|---|
| Natura: | Libro |
| Lingua: | Undetermined |
| Pubblicazione: |
New York, Estados Unidos
Bantam Books
1951
|
| Soggetti: | |
| Tags: |
Aggiungi Tag
Nessun Tag, puoi essere il primo ad aggiungerne!!
|
MARC
| LEADER | 00000nam a2200000Ia 4500 | ||
|---|---|---|---|
| 008 | 170316s9999 xx 000 0 und d | ||
| 090 | |a F-810 B-14a | ||
| 100 | |a Blunden, Godfrey | ||
| 245 | 2 | |a A Room on the Route | |
| 260 | |a New York, Estados Unidos | ||
| 260 | |b Bantam Books | ||
| 260 | |c 1951 | ||
| 300 | |a 310 páginas | ||
| 650 | |a LITERATURA ESTADOUNIDENSE | ||
| 650 | |a NOVELA | ||
| 650 | |a FICCIÓN | ||
| 999 | |c 28700 |d 28700 | ||
| 040 | |a cru BVZT | ||
| 942 | |c 15 D |h F-810 B-14a |2 z | ||
